Praktikum z teórie štatistiky

Salvato in:
Dettagli Bibliografici
Autore principale: Ugron, Milan
Ente Autore: Vysoká škola ekonomická v Bratislave. Fakulta riadenia
Natura: Libro
Lingua:slovacco
Pubblicazione: Bratislava 1990
Edizione:1. vyd.
Tags: Aggiungi Tag
Nessun Tag, puoi essere il primo ad aggiungerne!!

MARC

LEADER 00000nam a2200000 4500
001 c028229
005 20221215071218.5
041 0 |a slo 
044 |a SK 
245 1 0 |a Praktikum z teórie štatistiky  |c Milan Ugron a kol. 
250 |a 1. vyd. 
264 1 |a Bratislava  |c 1990 
300 |a 188 s. 
100 1 |a Ugron, Milan 
710 2 |a Vysoká škola ekonomická v Bratislave. Fakulta riadenia